000 01084nam a22002657a 4500
005 20170504145018.0
010 _a1617EN ENG-116949
020 _a9780198072393
_c655.00
035 _aB-651521-526
035 _aEN-100481
035 _aB-666241
037 _bPragati
_adpl
037 _bDBAD/PUB
082 _a910.285
100 _aBhatta, Basudeb
245 _aRemote sensing and GIS /
_cby Basudeb Bhatta
250 _a2nd ed.
260 _c2015 (rp)
_aNew Delhi
_bOxford University Press
270 _aYMCA Library Building, 1, Jai Singh Road,
_bNew Delhi
_e110001.
300 _c24cm(pbk)
_axxiv, 716p.
_bcolour illus.
500 _aIncludes references and index
942 _cEN
_2ddc
_h910.285
_mBHA
999 _c101914
_d101914